Statistics for Player with highest % to make NFL HOF on every team

Click here to take the quiz!

General Stats

  • This quiz has been taken 33 times
    (19 since last reset)
  • The average score is 13 of 32

Answer Stats

Team%Player% Correct
TBB1000Tom Brady
84%
ARI95J.J. Watt
79%
IND80Matt Ryan
74%
LAR100Aaron Donald
68%
GBP100Aaron Rodgers
68%
KAN96Travis Kelce
68%
TEN45Derrick Henry
63%
MIN72Harrison Smith
58%
DEN98Russell Wilson
58%
JAX25Marvin Jones Jr.
53%
MIA58Tyreek Hill
53%
LVR65Davante Adams
47%
SEA29Jamal Adams
47%
DET0Jared Goff
47%
PHI62Fletcher Cox
42%
LAC68Khalil Mack
42%
CLE40Myles Garrett
42%
SFF83Trent Williams
42%
BUF95Von Miller
42%
DAL90Zack Martin
42%
HOU35Brandin Cooks
32%
PIT71Cam Heyward
32%
ATL5Cordarrelle Patterson
32%
BAL75Justin Tucker
26%
NOS67Cam Jordan
21%
NYJ4Joe Flacco
21%
CIN14Joe Mixon
16%
CHI17Robert Quinn
11%
NEP100Matthew Slater
5%
NYG19Graham Gano
0%
CAR45Johnny Hekker
0%
WAS1Tress Way
0%

Score Distribution

Percentile by Number Answered

Percent of People with Each Score

Your Score History

You have not taken this quiz since the last reset